000
00339nam a2200133Ia 4500
003
GCL
008
140319s9999 xx 000 0 ara d
040
_a
GCL /
_c
GCL
082
0
4
_a
217
_b
م ف
100
1
_a
محمد البهى
245
1
0
_a
الفكر الاسلامى فى تطوره /
_c
محمد البهى
300
_a
103 ص
490
_a
999
_c
37788
_d
37788